भारत सरकार (Record no. 31446)

MARC details
000 -LEADER
fixed length control field 00318nam a22001217a 4500
003 - CONTROL NUMBER IDENTIFIER
control field SGT
082 ## - DEWEY DECIMAL CLASSIFICATION NUMBER
Classification number 080
Item number B08M
100 ## - MAIN ENTRY--PERSONAL NAME
Personal name मोइली, एम. वीरप्पा
245 ## - TITLE STATEMENT
Title भारत सरकार
260 ## - PUBLICATION, DISTRIBUTION, ETC. (IMPRINT)
Name of publisher, distributor, etc विज्ञानं एनैक्स
Year of Publication 2008
300 ## - PAGE DESCRIPTION
No. of Pages 259
942 ## - ADDED ENTRY ELEMENTS (KOHA)
Source of classification or shelving scheme Dewey Decimal Classification
Koha item type Books
Holdings
Withdrawn status Lost status Source of classification or shelving scheme Damaged status Not for loan Home library Current library Shelving location Date acquired SGTU Total Checkouts Full call number Accession No. (Barcode) Date last seen Bill Date Koha item type
    Dewey Decimal Classification   Not For Loan SGT Chancellor's Library SGT Chancellor's Library Reference Book 17/06/2025 SGTU   080 B08M CH3448 17/06/2025 17/06/2025 Books
    Dewey Decimal Classification   Not For Loan SGT Chancellor's Library SGT Chancellor's Library Reference Book 17/06/2025 SGTU   080 B08M CH3449 17/06/2025 17/06/2025 Books
    Dewey Decimal Classification   Not For Loan SGT Chancellor's Library SGT Chancellor's Library Reference Book 17/06/2025 SGTU   080 B08M CH3453 17/06/2025 17/06/2025 Books
    Dewey Decimal Classification   Not For Loan SGT Chancellor's Library SGT Chancellor's Library Reference Book 17/06/2025 SGTU   080 B08M CH3454 17/06/2025 17/06/2025 Books
    Dewey Decimal Classification   Not For Loan SGT Chancellor's Library SGT Chancellor's Library Reference Book 17/06/2025 SGTU   080 B08M CH3455 17/06/2025 17/06/2025 Books
    Dewey Decimal Classification   Not For Loan SGT Chancellor's Library SGT Chancellor's Library Reference Book 17/06/2025 SGTU   080 B08M CH3456 17/06/2025 17/06/2025 Books